Visualizzazione normale
Vista MARC
- Montand Yves
di Personal Name
Records bibliografici associati: 1
001 - CONTROL NUMBER
- control field: 22523
003 - CONTROL NUMBER IDENTIFIER
- control field: IT-RoPau
005 - DATE AND TIME OF LATEST TRANSACTION
- control field: 20140428101146.0
008 - FIXED-LENGTH DATA ELEMENTS
- fixed length control field: 140428|| aca||aabn | a|a d
040 ## - CATALOGING SOURCE
- Original cataloging agency: IT-RoPau
- Transcribing agency: IT-RoPau
100 ## - HEADING--PERSONAL NAME
- Personal name: Montand Yves
- Miscellaneous information: Codice interprete -SPICS: 20140
670 ## - SOURCE DATA FOUND
- Source citation: Work cat.: (IT-RoPau)101965: Kosma Joseph 22519, Yves Montand canta Jacques Prevert